Return of the wild : the future of our natural lands

Saved in:
Bibliographic Details
Format: Book
Language:Vietnamese
Published: Island 2001
Tags: Add Tag
No Tags, Be the first to tag this record!
Institutions: Mạng thư viện Đại học Đà Nẵng
LEADER 00609nam a2200241 4500
001 000021157
003 17604
005 20150407150416.0
008 150407s2001 viesd
020 |c 00 
041 0 |a vie 
082 1 4 |a 333.7820973  |b Re-W 
245 1 0 |a Return of the wild : the future of our natural lands  |c edited by Ted Kerasote. 
260 |b Island  |c 2001 
300 |a tr.  |c cm. 
OWN |a LSP 
999 |a From the UDN01 
TYP |a Monograph 
TYP |a Printed language 
980 |a Mạng thư viện Đại học Đà Nẵng